[Event "Koge Bugt Sommer 2014"]
[Site "Solrod Skole"]
[Date "2014.08.06"]
[Round "1.1"]
[White "Hestehauge, Klaus"]
[Black "Kristensen, Benny"]
[Result "1/2-1/2"]
[WhiteElo "1967"]
[BlackElo "1871"]
[PlyCount "108"]
[EventDate "2014.??.??"]
[WhiteTeam "Køge Skakklub"]
[BlackTeam "Skovbo Skakklub"]

1. d4 d5 2. Nf3 Nf6 3. Bf4 Bf5 4. e3 e6 5. Bd3 Bxd3 6. Qxd3 Bd6 7. Bg3 Bxg3 8.
hxg3 Nbd7 9. Nbd2 Qe7 10. c3 c6 11. Ne5 Qd6 12. f4 Qe7 13. O-O-O O-O-O 14. Rh4
h5 15. Nxd7 Qxd7 16. e4 dxe4 17. Nxe4 Nxe4 18. Qxe4 Qd5 19. Qxd5 exd5 20. Rdh1
Rde8 21. Kd2 Re4 22. Rxh5 Rxh5 23. Rxh5 f6 24. Rh4 f5 25. Rh5 g6 26. Rg5 Re6
27. g4 fxg4 28. Rxg4 Kd7 29. Rg5 Rf6 30. g3 Ke6 31. Ke3 Kf7 32. g4 Re6+ 33. Re5
Rd6 34. Kf3 Rd8 35. g5 Rh8 36. Re2 Rh1 37. Rg2 Ra1 38. a3 Rb1 39. Kg4 Rf1 40.
Re2 a6 41. Kg3 a5 42. Rf2 Rg1+ 43. Kf3 a4 44. Rh2 Kg7 45. Rf2 Re1 46. Re2 Rf1+
47. Ke3 Kf7 48. Rf2 Rb1 49. Kd3 Rc1 50. Rh2 Kg7 51. Rc2 Rf1 52. Ke3 Kf7 53. Rf2
Rg1 54. Ke2 Rb1 1/2-1/2

[Event "Koge Bugt Sommer 2014"]
[Site "Solrod Skole"]
[Date "2014.08.06"]
[Round "1.2"]
[White "Sørensen, Aron Frank"]
[Black "Krogh, Peter Ove"]
[Result "0-1"]
[WhiteElo "1700"]
[BlackElo "1893"]
[PlyCount "55"]
[EventDate "2014.??.??"]
[WhiteTeam "Solrød Skakklub"]
[BlackTeam "Køge Skakklub"]

1. c4 Nf6 2. g3 e5 3. Bg2 c6 4. Nc3 Bb4 5. Qc2 O-O 6. a3 Bxc3 7. bxc3 d5 8.
cxd5 Nxd5 9. Nf3 Nd7 10. c4 Nc7 11. O-O Ne6 12. Bb2 f6 13. d4 exd4 14. Nxd4
Ndc5 15. Rfd1 Qc7 16. Nf5 Ng5 17. h4 Nf7 18. Rab1 Re8 19. e4 Bxf5 20. exf5 Rad8
21. Bd4 Nd7 22. Bxa7 b6 23. Rxd7 Qxd7 24. Bxb6 Qd3 25. Qxd3 Rxd3 26. a4 Ne5 27.
a5 Ra3 28. Re1 0-1

[Event "Koge Bugt Sommer 2014"]
[Site "Solrod Skole"]
[Date "2014.08.06"]
[Round "1.3"]
[White "Christensen, Verner"]
[Black "Dyremose, Flemming"]
[Result "1-0"]
[WhiteElo "1840"]
[BlackElo "1723"]
[PlyCount "59"]
[EventDate "2014.??.??"]
[WhiteTeam "Solrød Skakklub"]
[BlackTeam "Brøndby Skakklub"]

1. e4 c5 2. d4 cxd4 3. c3 dxc3 4. Nxc3 Nc6 5. Bc4 d6 6. Nf3 a6 7. O-O e6 8. Qe2
Be7 9. Rd1 e5 10. h3 Be6 11. Be3 b5 12. Bd5 Qc7 13. Rac1 Rc8 14. Bxc6+ Qxc6 15.
Nd5 Qb7 16. Rxc8+ Qxc8 17. Rc1 Qb8 18. Nc7+ Kf8 19. Nxe6+ fxe6 20. Qd3 h6 21.
Qb3 Kf7 22. Rc6 Nf6 23. Nxe5+ dxe5 24. Qxe6+ Kg6 25. Qxe7 Re8 26. Qd7 a5 27.
Qf5+ Kf7 28. Rb6 Qa8 29. Bxh6 Qxe4 30. Rxf6+ 1-0

[Event "Koge Bugt Sommer 2014"]
[Site "Solrod Skole"]
[Date "2014.08.06"]
[Round "1.4"]
[White "Marcussen, Leif"]
[Black "Larsen, Jørgen René"]
[Result "1/2-1/2"]
[WhiteElo "1745"]
[BlackElo "1828"]
[PlyCount "130"]
[EventDate "2014.??.??"]
[WhiteTeam "Brøndby Skakklub"]
[BlackTeam "Jernbanens Skakklub"]

1. d4 Nf6 2. c4 g6 3. Nc3 Bg7 4. e4 d6 5. Nf3 Bg4 6. Be2 c6 7. O-O Bxf3 8. Bxf3
Nbd7 9. Be3 e5 10. Be2 O-O 11. Qc2 Ne8 12. dxe5 dxe5 13. Rad1 Qc7 14. Rd2 b6
15. Rfd1 Nef6 16. Rd6 Rfd8 17. Qa4 Rac8 18. Bg5 h6 19. Be3 Bf8 20. R6d2 Kg7 21.
b4 Be7 22. Qb3 Nf8 23. Rxd8 Rxd8 24. Rxd8 Qxd8 25. b5 c5 26. Qc2 Ne6 27. Qc1
Ng8 28. Nd5 Nd4 29. Bf1 Bg5 30. f4 exf4 31. Bxf4 Ne6 32. Qc3+ Nd4 33. Bc7 Qd7
34. Bg3 Bf6 35. e5 Bd8 36. Bf2 Qg4 37. Qd3 Qf5 38. Bxd4 Qxd3 39. Bxd3 cxd4 40.
Kf2 h5 41. Kf3 Ne7 42. Nb4 Nf5 43. Ke4 Be7 44. Nc6 Bc5 45. Nxa7 Ne3 46. g3 Ng4
47. Be2 f5+ 48. exf6+ Nxf6+ 49. Kd3 Kf7 50. Nc6 Nd7 51. Nxd4 Kf6 52. a4 Ke5 53.
Nc6+ Kf5 54. a5 bxa5 55. Nxa5 Bg1 56. h3 Nc5+ 57. Kc3 Ne4+ 58. Kb4 Bc5+ 59. Kb3
Bb6 60. Nb7 Ke5 61. g4 hxg4 62. Bxg4 g5 63. Kb4 Kd4 64. Na5 Bc5+ 65. Ka4 Bb6
1/2-1/2

[Event "Koge Bugt Sommer 2014"]
[Site "Solrod Skole"]
[Date "2014.08.06"]
[Round "1.5"]
[White "Grum-Schwensen, Jens"]
[Black "Simonsen, Per Barndorff"]
[Result "0-1"]
[WhiteElo "1523"]
[BlackElo "1869"]
[PlyCount "56"]
[EventDate "2014.??.??"]
[WhiteTeam "Brøndby Skakklub"]
[BlackTeam "Ishøj Skakklub"]

1. d4 Nf6 2. c4 e6 3. Nc3 d5 4. cxd5 exd5 5. h3 c6 6. Nf3 Bf5 7. Bf4 Nbd7 8. e3
Qa5 9. Bd3 Ne4 10. O-O Be7 11. Qc2 g5 12. Nxg5 Bxg5 13. Bxg5 Rg8 14. Nxe4 dxe4
15. Bxe4 Rxg5 16. h4 Rh5 17. g3 O-O-O 18. a3 Nf6 19. b4 Bxe4 20. bxa5 Bxc2 21.
Rac1 Bd3 22. Rfe1 Rxa5 23. Rc3 Be4 24. Ra1 Nd5 25. Rc5 Rxc5 26. dxc5 Nc3 27.
Kh2 Rd2 28. Rg1 Rxf2+ 0-1

[Event "Koge Bugt Sommer 2014"]
[Site "Solrod Skole"]
[Date "2014.08.06"]
[Round "1.6"]
[White "Nielsen, Steen"]
[Black "Refsgaard, Kaj"]
[Result "1/2-1/2"]
[WhiteElo "1732"]
[BlackElo "1639"]
[PlyCount "87"]
[EventDate "2014.??.??"]
[WhiteTeam "Solrød Skakklub"]
[BlackTeam "Jernbanens Skakklub"]

1. Nf3 c5 2. c4 g6 3. Nc3 Bg7 4. d4 cxd4 5. Nxd4 Nc6 6. Nf3 Nf6 7. e4 O-O 8. a3
d6 9. Be2 Bg4 10. O-O Rc8 11. Be3 a6 12. h3 Bxf3 13. Bxf3 Ne5 14. b3 Nxf3+ 15.
Qxf3 Nd7 16. Rac1 b5 17. Nd5 e6 18. Nf4 bxc4 19. bxc4 Qa5 20. Rfd1 Qxa3 21. Rd3
Qb4 22. Qd1 Nc5 23. Rxd6 Nxe4 24. Rxa6 Rfd8 25. Qc2 Nc3 26. c5 g5 27. Nh5 Bh8
28. Bxg5 Rd5 29. Nf6+ Bxf6 30. Bxf6 Rdxc5 31. Qxc3 Rxc3 32. Rxc3 Qb1+ 33. Kh2
Qb8+ 34. Rg3+ Kf8 35. Ra4 Ke8 36. f4 Qb5 37. Rg8+ Kd7 38. Rd4+ Kc7 39. Be5+ Kb7
40. Rg3 Rc4 41. Rd8 Rc8 42. Rdd3 Rc4 43. Rd8 Rc8 44. Rdd3 1/2-1/2

[Event "Koge Bugt Sommer 2014"]
[Site "Solrod Skole"]
[Date "2014.08.06"]
[Round "1.7"]
[White "Krag-Jacobsen, Alan"]
[Black "Tolba, Henri"]
[Result "0-1"]
[WhiteElo "1630"]
[BlackElo "1675"]
[PlyCount "76"]
[EventDate "2014.??.??"]
[WhiteTeam "Solrød Skakklub"]
[BlackTeam "Hvidovre Skakklub"]

1. e4 e5 2. Nf3 Nf6 3. Nxe5 Qe7 4. d4 Nxe4 5. Bc4 Nd6 6. Qe2 Nxc4 7. Qxc4 d6 8.
Qxf7+ Qxf7 9. Nxf7 Kxf7 10. Nc3 c6 11. O-O Bf5 12. Bf4 Nd7 13. Rac1 Re8 14. Nd1
Nf6 15. f3 Nd5 16. Bg3 Ne3 17. Nxe3 Rxe3 18. Kf2 Re6 19. c3 d5 20. Be5 Bd6 21.
f4 Bxe5 22. fxe5 Bd3 23. Rfe1 Rf8 24. Kg1 Ke7 25. Re3 Ba6 26. Rg3 Rf7 27. h3
Rh6 28. Rd1 Rh4 29. Rg4 Rxg4 30. hxg4 Rf4 31. Rd2 Rxg4 32. Rf2 Re4 33. Kh2 Re2
34. Rxe2 Bxe2 35. Kg3 g5 36. Kf2 Bg4 37. g3 b5 38. a3 Ke6 0-1

[Event "Koge Bugt Sommer 2014"]
[Site "Solrod Skole"]
[Date "2014.08.06"]
[Round "1.8"]
[White "Andersen, Hans E"]
[Black "Christensen, Peter"]
[Result "0-1"]
[WhiteElo "1697"]
[BlackElo "1694"]
[PlyCount "54"]
[EventDate "2014.??.??"]
[WhiteTeam "Skovbo Skakklub"]
[BlackTeam "Køge Skakklub"]

1. e4 c5 2. Nc3 e6 3. Bc4 a6 4. a4 Nc6 5. Nf3 d6 6. O-O Nf6 7. Re1 Qc7 8. d3
Bd7 9. Bf4 Nh5 10. Qd2 Nxf4 11. Qxf4 Ne5 12. Nxe5 dxe5 13. Qg3 Bc6 14. Re3 g6
15. Qg5 Bg7 16. Rh3 Qd8 17. Qe3 Qe7 18. Ne2 Rd8 19. Bb3 O-O 20. Kh1 Kh8 21. Ng1
f5 22. exf5 exf5 23. f4 e4 24. Rb1 Qd6 25. dxe4 Bxe4 26. Qf2 Qd2 27. Qh4 Qxg2#
0-1

[Event "Koge Bugt Sommer 2014"]
[Site "Solrod Skole"]
[Date "2014.08.06"]
[Round "1.9"]
[White "Orup, Kim Amdi"]
[Black "Jørgensen, Leif"]
[Result "1/2-1/2"]
[WhiteElo "1594"]
[BlackElo "1646"]
[PlyCount "147"]
[EventDate "2014.??.??"]
[WhiteTeam "Solrød Skakklub"]
[BlackTeam "Solrød Skakklub"]

1. e4 c5 2. f4 d5 3. e5 e6 4. Nf3 Nc6 5. Bb5 Bd7 6. Nc3 a6 7. Bxc6 Bxc6 8. O-O
Nh6 9. d3 Be7 10. Ne2 Qb6 11. Kh1 f6 12. Ng3 Nf7 13. Qe1 f5 14. b3 d4 15. a4 h6
16. Bd2 Qc7 17. Ba5 b6 18. Bd2 O-O-O 19. Rb1 g5 20. Ne2 Bxf3 21. Rxf3 gxf4 22.
Nxf4 Ng5 23. Rf2 Qc6 24. Kg1 Rdg8 25. Kf1 Nf7 26. b4 Bh4 27. g3 Bg5 28. b5 Qh1+
29. Ke2 Qxe1+ 30. Kxe1 Bxf4 31. Bxf4 a5 32. Kd2 Rg6 33. Ke2 Rd8 34. Kf3 h5 35.
h4 Rdg8 36. Rg1 Rg4 37. Rfg2 Kd7 38. Kf2 Rc8 39. Kf3 Nd8 40. Bg5 Nb7 41. Re1 c4
42. Rd1 cxd3 43. Rxd3 Rc4 44. Rgd2 Nc5 45. Ra3 Ne4 46. Rg2 Nxg5+ 47. hxg5 Rxg5
48. Rh2 Ke7 49. Rh4 Kf7 50. Rd3 Rxc2 51. Rhxd4 Rc7 52. Rd6 Rg4 53. Rd7+ Rxd7
54. Rxd7+ Ke8 55. Rd6 Ke7 56. Rxb6 Rxa4 57. Rb7+ Kd8 58. b6 Rb4 59. Ra7 Rxb6
60. Rxa5 Rb4 61. Ra7 Re4 62. Rh7 Rxe5 63. Rxh5 Re4 64. Rh7 Rb4 65. Ra7 Re4 66.
Rf7 Ke8 67. Ra7 Rb4 68. Rg7 e5 69. Ra7 Rb3+ 70. Kf2 f4 71. gxf4 exf4 72. Rh7
Rc3 73. Rb7 f3 74. Ra7 1/2-1/2

[Event "Koge Bugt Sommer 2014"]
[Site "Solrod Skole"]
[Date "2014.08.06"]
[Round "1.10"]
[White "Zeemann, Annie"]
[Black "Henriksen, Karl Hildebrandt"]
[Result "0-1"]
[WhiteElo "1502"]
[BlackElo "1475"]
[PlyCount "56"]
[EventDate "2014.??.??"]
[WhiteTeam "Brøndby Skakklub"]
[BlackTeam "Køge Skakklub"]

1. e4 c5 2. Bc4 e6 3. Nc3 Nc6 4. a3 a6 5. Nge2 Be7 6. O-O d6 7. d3 Bf6 8. Qd2
Nge7 9. Ng3 Ng6 10. Nce2 O-O 11. c3 d5 12. Ba2 d4 13. c4 a5 14. f4 Be7 15. Nh1
f5 16. e5 b6 17. Nf2 Bb7 18. g3 Qe8 19. h3 Ncxe5 20. fxe5 Qc6 21. Ne4 fxe4 22.
Rxf8+ Rxf8 23. Nf4 e3 24. Qg2 Qxg2+ 25. Nxg2 Bxg2 26. Kxg2 Nxe5 27. b4 Rf2+ 28.
Kh1 Nf3 0-1

[Event "Koge Bugt Sommer 2014"]
[Site "Solrod Skole"]
[Date "2014.08.06"]
[Round "1.11"]
[White "Thinggaard, Jørgen"]
[Black "Dyremose, Morten Sigvart"]
[Result "0-1"]
[WhiteElo "1437"]
[BlackElo "1491"]
[PlyCount "68"]
[EventDate "2014.??.??"]
[WhiteTeam "Solrød Skakklub"]
[BlackTeam "Brøndby Skakklub"]

1. e4 e5 2. Nf3 d6 3. Bb5+ Bd7 4. Nc3 Nf6 5. d3 a6 6. Bxd7+ Nbxd7 7. O-O Be7 8.
Nd5 Nxd5 9. exd5 O-O 10. b3 Bf6 11. Bb2 Rc8 12. c4 c5 13. a4 a5 14. Rc1 b6 15.
Nd2 Bg5 16. Bc3 f5 17. Rc2 Qe7 18. Nf3 Bf6 19. g3 e4 20. Bxf6 Qxf6 21. dxe4
fxe4 22. Nh4 Ne5 23. Qe2 g5 24. Ng2 Nf3+ 25. Kh1 Qf5 26. Rc3 Qh3 27. Rxf3 exf3
28. Qe6+ Qxe6 29. dxe6 fxg2+ 30. Kxg2 Rf6 31. Rd1 Rd8 32. Rd5 h6 33. f3 Rxe6
34. Rf5 Re5 0-1

[Event "Koge Bugt Sommer 2014"]
[Site "Solrod Skole"]
[Date "2014.08.13"]
[Round "2.1"]
[White "Krogh, Peter Ove"]
[Black "Christensen, Verner"]
[Result "1-0"]
[WhiteElo "1893"]
[BlackElo "1840"]
[PlyCount "65"]
[EventDate "2014.??.??"]
[WhiteTeam "Køge Skakklub"]
[BlackTeam "Solrød Skakklub"]

1. c4 f5 2. Nf3 e6 3. Nc3 Nf6 4. e3 d5 5. d4 c6 6. Qc2 Bd6 7. Ne5 O-O 8. f4 Ne4
9. Nxe4 fxe4 10. Be2 Nd7 11. O-O Nf6 12. Rb1 Bd7 13. b4 Qc7 14. c5 Be7 15. a4
a6 16. b5 axb5 17. axb5 Rfb8 18. b6 Qd8 19. Bd2 Be8 20. Ra1 Rxa1 21. Rxa1 Bh5
22. g4 Be8 23. g5 Nd7 24. Ng4 Bg6 25. Ra7 Bf5 26. Be1 Bxg5 27. fxg5 Qxg5 28. h4
Qg6 29. Qd1 h5 30. Bg3 Nf6 31. Nxf6+ gxf6 32. Kh2 e5 33. dxe5 1-0

[Event "Koge Bugt Sommer 2014"]
[Site "Solrod Skole"]
[Date "2014.08.13"]
[Round "2.2"]
[White "Simonsen, Per Barndorff"]
[Black "Hestehauge, Klaus"]
[Result "0-1"]
[WhiteElo "1869"]
[BlackElo "1967"]
[PlyCount "76"]
[EventDate "2014.??.??"]
[WhiteTeam "Ishøj Skakklub"]
[BlackTeam "Køge Skakklub"]

1. d4 d5 2. c4 e5 3. dxe5 d4 4. Nf3 Nc6 5. Bf4 Be6 6. Nbd2 Nge7 7. Rc1 Ng6 8.
Bg3 Qd7 9. a3 Bg4 10. h3 Bh5 11. Bh2 Bxf3 12. Nxf3 O-O-O 13. Qa4 Kb8 14. Qb5
Be7 15. c5 Qe6 16. Rd1 a6 17. Qa4 Bxc5 18. b4 Bb6 19. g4 Ncxe5 20. Bg2 Nxf3+
21. Bxf3 d3 22. b5 Nh4 23. Qe4 Nxf3+ 24. exf3 Qxe4+ 25. fxe4 axb5 26. f3 Ba5+
27. Kf2 Rd4 28. Be5 Rc4 29. Rxd3 f6 30. Bh2 Kc8 31. Rhd1 Rc2+ 32. Kg3 c6 33.
Bg1 Bc7+ 34. Kh4 g5+ 35. Kh5 Rd8 36. Rxd8+ Bxd8 37. Rd3 Rg2 38. Bc5 Rg3 {Time}
0-1

[Event "Koge Bugt Sommer 2014"]
[Site "Solrod Skole"]
[Date "2014.08.13"]
[Round "2.3"]
[White "Larsen, Jørgen René"]
[Black "Kristensen, Benny"]
[Result "0-1"]
[WhiteElo "1828"]
[BlackElo "1871"]
[PlyCount "70"]
[EventDate "2014.??.??"]
[WhiteTeam "Jernbanens Skakklub"]
[BlackTeam "Skovbo Skakklub"]

1. Nf3 d5 2. d4 Nf6 3. Bg5 h6 4. Bxf6 exf6 5. e3 Bd6 6. c4 Be6 7. Nc3 dxc4 8.
d5 Bg4 9. Bxc4 Nd7 10. h3 Bh5 11. Be2 Bxf3 12. Bxf3 f5 13. O-O O-O 14. Qc2 Qf6
15. Nb5 Be5 16. Rab1 a6 17. Nc3 Bd6 18. Rfe1 Rfe8 19. Ne2 Rac8 20. Nd4 f4 21.
Qf5 fxe3 22. Qxf6 exf2+ 23. Kxf2 Nxf6 24. Rxe8+ Rxe8 25. Ne2 Ne4+ 26. Bxe4 Rxe4
27. Nc3 Re5 28. Rf1 Kf8 29. a3 Ke7 30. Re1 Rxe1 31. Kxe1 Be5 32. Nd1 Kd6 33.
Ke2 Kxd5 34. Kd3 f5 35. b3 Bd4 0-1

[Event "Koge Bugt Sommer 2014"]
[Site "Solrod Skole"]
[Date "2014.08.13"]
[Round "2.4"]
[White "Tolba, Henri"]
[Black "Sørensen, Aron Frank"]
[Result "1-0"]
[WhiteElo "1675"]
[BlackElo "1700"]
[PlyCount "61"]
[EventDate "2014.??.??"]
[WhiteTeam "Hvidovre Skakklub"]
[BlackTeam "Solrød Skakklub"]

1. e4 g6 2. d4 Bg7 3. Nf3 c5 4. Be3 Nc6 5. c3 cxd4 6. cxd4 d5 7. e5 Qb6 8. Qd2
Bg4 9. Be2 Nh6 10. Nc3 O-O-O 11. Bxh6 Bxh6 12. Qxh6 Qxb2 13. Qc1 Qxc1+ 14. Rxc1
Bxf3 15. Bxf3 e6 16. Nb5 Kb8 17. Nd6 Rhf8 18. Rb1 Rxd6 19. exd6 Nxd4 20. Bd1
Rd8 21. O-O Rxd6 22. f4 Nf5 23. Rf2 f6 24. Rfb2 b6 25. Kf2 d4 26. Rd2 e5 27.
fxe5 fxe5 28. Bf3 Ne3 29. Rc1 b5 30. Rc5 Nc4 31. Rxb5+ 1-0

[Event "Koge Bugt Sommer 2014"]
[Site "Solrod Skole"]
[Date "2014.08.13"]
[Round "2.5"]
[White "Dyremose, Flemming"]
[Black "Christensen, Peter"]
[Result "1-0"]
[WhiteElo "1723"]
[BlackElo "1694"]
[PlyCount "97"]
[EventDate "2014.??.??"]
[WhiteTeam "Brøndby Skakklub"]
[BlackTeam "Køge Skakklub"]

1. d4 d5 2. c4 c6 3. Nc3 Nf6 4. Nf3 Nbd7 5. e3 e6 6. Bd3 Be7 7. O-O O-O 8. Qc2
Qc7 9. b3 Bb4 10. Ne2 b6 11. Bb2 a5 12. Rac1 Bd6 13. cxd5 Nxd5 14. Qxc6 Ra7 15.
a3 Qb8 16. Qc2 h6 17. Qd2 Ba6 18. Bxa6 Rxa6 19. Rc2 Ra7 20. Rfc1 Rc7 21. Rxc7
Bxc7 22. Rc2 N7f6 23. Ng3 Re8 24. Qc1 Qd8 25. Nd2 b5 26. e4 Bxg3 27. hxg3 Ne7
28. f3 Qb8 29. Rc7 Rc8 30. Rxc8+ Nxc8 31. Kf2 Ne7 32. Qc5 Ng6 33. Bc3 h5 34.
Bxa5 h4 35. Bc7 hxg3+ 36. Bxg3 Qb7 37. Nb1 Kh7 38. Nc3 Kh6 39. Qxb5 Qe7 40. b4
Nh5 41. Ne2 Qf6 42. Qd3 Nh4 43. Qe3+ Kh7 44. Bxh4 Qxh4+ 45. Kf1 Qh1+ 46. Qg1
Qh4 47. g3 Qg5 48. Kf2 f5 49. f4 1-0

[Event "Koge Bugt Sommer 2014"]
[Site "Solrod Skole"]
[Date "2014.08.13"]
[Round "2.6"]
[White "Refsgaard, Kaj"]
[Black "Marcussen, Leif"]
[Result "0-1"]
[WhiteElo "1639"]
[BlackElo "1745"]
[PlyCount "58"]
[EventDate "2014.??.??"]
[WhiteTeam "Jernbanens Skakklub"]
[BlackTeam "Brøndby Skakklub"]

1. Nf3 c5 2. g3 Nc6 3. Bg2 Nf6 4. c4 e6 5. Nc3 Be7 6. d3 O-O 7. O-O a6 8. a3 d6
9. Ng5 h6 10. Nge4 Rb8 11. Rb1 Nxe4 12. Bxe4 Qc7 13. Bf4 f5 14. Bg2 Bf6 15. b4
Bxc3 16. bxc5 Be5 17. cxd6 Bxd6 18. Be3 Bd7 19. Qb3 Qa5 20. a4 Bc5 21. Bf4 e5
22. Bc1 Nd4 23. Qa2 Qxa4 24. Qd2 Bc6 25. Bh3 Qc2 26. Rb2 Qxd2 27. Rxd2 e4 28.
Bb2 e3 29. fxe3 Nb3 0-1

[Event "Koge Bugt Sommer 2014"]
[Site "Solrod Skole"]
[Date "2014.08.13"]
[Round "2.7"]
[White "Jørgensen, Leif"]
[Black "Nielsen, Steen"]
[Result "0-1"]
[WhiteElo "1646"]
[BlackElo "1732"]
[PlyCount "108"]
[EventDate "2014.??.??"]
[WhiteTeam "Solrød Skakklub"]
[BlackTeam "Solrød Skakklub"]

1. e4 c5 2. Nf3 d6 3. Nc3 e6 4. Bb5+ Bd7 5. O-O a6 6. Bxd7+ Nxd7 7. d4 cxd4 8.
Nxd4 Ngf6 9. Re1 Be7 10. Bg5 O-O 11. Re3 Rc8 12. Rg3 Rc4 13. Bh6 Ne8 14. Be3
Qc7 15. Nce2 Bf6 16. c3 e5 17. Nf5 g6 18. Nh6+ Kh8 19. Qd5 Nb8 20. Rd1 Rc6 21.
Rd3 Bg7 22. Ng4 f5 23. exf5 gxf5 24. Bh6 fxg4 25. Bxg7+ Qxg7 26. h3 Qf6 27. f3
Rc5 28. Qxb7 Rb5 29. Qe4 Rxb2 30. hxg4 Nd7 31. Rh3 Qf7 32. g5 Nc5 33. g6 Nxe4
34. gxf7 Rxf7 35. fxe4 Rxe2 36. Rh6 Rxe4 37. Re6 Rf8 38. Rh3 Re1+ 39. Kh2 Re2
40. Re7 Nf6 41. Rg3 Rxa2 42. Kh3 Rg8 43. Rxg8+ Kxg8 44. Rc7 a5 45. c4 a4 46.
Rc6 Rd2 47. Ra6 Rd3+ 48. g3 a3 49. c5 dxc5 50. Rxf6 a2 51. Ra6 Rd2 52. Kg4 Rf2
53. Kg5 Kf7 54. g4 e4 0-1

[Event "Koge Bugt Sommer 2014"]
[Site "Solrod Skole"]
[Date "2014.08.13"]
[Round "2.8"]
[White "Dyremose, Morten Sigvart"]
[Black "Andersen, Hans E"]
[Result "1/2-1/2"]
[WhiteElo "1491"]
[BlackElo "1697"]
[PlyCount "74"]
[EventDate "2014.??.??"]
[WhiteTeam "Brøndby Skakklub"]
[BlackTeam "Skovbo Skakklub"]

1. e4 e5 2. Nf3 Nc6 3. d4 exd4 4. Nxd4 Nxd4 5. Qxd4 b6 6. Nc3 Bb7 7. Be2 f6 8.
Be3 Bc5 9. Qd3 Bb4 10. Bd2 Qe7 11. f3 O-O-O 12. Nd5 Bxd2+ 13. Qxd2 Qc5 14.
O-O-O Ne7 15. Nxe7+ Qxe7 16. Bc4 Qc5 17. Qe2 Rhe8 18. Ba6 Qa5 19. Bxb7+ Kxb7
20. a3 d5 21. c3 dxe4 22. Rxd8 Rxd8 23. Qxe4+ Qd5 24. Qxd5+ Rxd5 25. Rd1 Kc6
26. Rd2 Re5 27. Kd1 Re7 28. Re2 Rxe2 29. Kxe2 Kd5 30. Kd3 c5 31. c4+ Ke5 32. g3
g5 33. Ke3 h5 34. f4+ gxf4+ 35. gxf4+ Kf5 36. h3 Ke6 37. b4 f5 1/2-1/2

[Event "Koge Bugt Sommer 2014"]
[Site "Solrod Skole"]
[Date "2014.08.13"]
[Round "2.9"]
[White "Henriksen, Karl Hildebrandt"]
[Black "Krag-Jacobsen, Alan"]
[Result "1/2-1/2"]
[WhiteElo "1475"]
[BlackElo "1630"]
[PlyCount "73"]
[EventDate "2014.??.??"]
[WhiteTeam "Køge Skakklub"]
[BlackTeam "Solrød Skakklub"]

1. e4 e5 2. Nf3 Nc6 3. Bb5 a6 4. Bxc6 dxc6 5. a3 Qd6 6. Nc3 Nf6 7. h3 Be7 8. d3
h6 9. d4 Nd7 10. O-O O-O 11. dxe5 Nxe5 12. Qe2 Qf6 13. Nxe5 Qxe5 14. Qf3 Bd6
15. Rd1 Be6 16. Rxd6 Qxd6 17. Bf4 Qe7 18. Qg3 Qf6 19. Bxc7 Rac8 20. Bd6 Rfd8
21. Be5 Qg6 22. Qxg6 fxg6 23. Bf4 g5 24. Be3 Bf7 25. f3 b5 26. b4 Rd6 27. Kf2
Rcd8 28. g3 Be6 29. Rh1 Rf8 30. h4 g4 31. f4 Rfd8 32. Re1 Bf7 33. e5 R6d7 34.
Ne4 Rd1 35. Nd6 R1xd6 36. exd6 Rxd6 37. Bc1 1/2-1/2

[Event "Koge Bugt Sommer 2014"]
[Site "Solrod Skole"]
[Date "2014.08.13"]
[Round "2.10"]
[White "Thinggaard, Jørgen"]
[Black "Orup, Kim Amdi"]
[Result "0-1"]
[WhiteElo "1437"]
[BlackElo "1594"]
[PlyCount "76"]
[EventDate "2014.??.??"]
[WhiteTeam "Solrød Skakklub"]
[BlackTeam "Solrød Skakklub"]

1. e4 e5 2. Nf3 Nf6 3. Nc3 d6 4. Bb5+ Bd7 5. d3 Be7 6. Bg5 a6 7. Bxf6 Bxf6 8.
Bxd7+ Nxd7 9. O-O h6 10. d4 Qe7 11. Nd5 Qd8 12. c3 c6 13. dxe5 Bxe5 14. Nxe5
Nxe5 15. Nf4 O-O 16. Qh5 Qf6 17. g3 Rae8 18. Rad1 Nc4 19. Qe2 d5 20. Rd4 Re5
21. b3 Nd6 22. Nh5 Qg6 23. Nf4 Qh7 24. f3 Nb5 25. Rd3 Rfe8 26. Qd2 dxe4 27. Rd8
e3 28. Qd7 Kf8 29. Ne2 Qc2 30. f4 R5e7 31. Rxe8+ Rxe8 32. Qg4 Nxc3 33. Nxc3
Qxc3 34. Qe2 Rd8 35. Rf3 Qc1+ 36. Kg2 Rd2 37. Rxe3 Rxe2+ 38. Rxe2 Qd1 0-1

[Event "Koge Bugt Sommer 2014"]
[Site "Solrod Skole"]
[Date "2014.08.20"]
[Round "3.1"]
[White "Tolba, Henri"]
[Black "Krogh, Peter Ove"]
[Result "0-1"]
[WhiteElo "1675"]
[BlackElo "1893"]
[PlyCount "88"]
[EventDate "2014.??.??"]
[WhiteTeam "Hvidovre Skakklub"]
[BlackTeam "Køge Skakklub"]

1. c4 Nf6 2. Nf3 b6 3. g3 Bb7 4. Bg2 e6 5. Nc3 Bb4 6. Qc2 O-O 7. O-O d5 8. cxd5
Bxc3 9. bxc3 Bxd5 10. c4 Bb7 11. Bb2 Nbd7 12. Rfe1 Qe7 13. a4 h6 14. a5 Rfe8
15. e4 e5 16. axb6 axb6 17. Rxa8 Bxa8 18. Ra1 Bxe4 19. Qc3 Qd6 20. Ra7 c5 21.
Ra3 Bc6 22. Nh4 Bxg2 23. Nxg2 Qc6 24. Qf3 Qxf3 25. Rxf3 Re6 26. Ra3 Kh7 27. f3
Nb8 28. Ra7 Nfd7 29. Ne3 Rd6 30. Nd5 Nc6 31. Rc7 Nd4 32. Kf2 Nf6 33. Nxf6+ Rxf6
34. Bxd4 exd4 35. Re7 g5 36. g4 Kg6 37. Rb7 Re6 38. h3 f6 39. Rb8 d3 40. Rd8
Re2+ 41. Kf1 Rxd2 42. Ke1 Rc2 43. Rxd3 Rxc4 44. Rb3 Rb4 0-1

[Event "Koge Bugt Sommer 2014"]
[Site "Solrod Skole"]
[Date "2014.08.20"]
[Round "3.2"]
[White "Hestehauge, Klaus"]
[Black "Nielsen, Steen"]
[Result "1/2-1/2"]
[WhiteElo "1967"]
[BlackElo "1732"]
[PlyCount "63"]
[EventDate "2014.??.??"]
[WhiteTeam "Køge Skakklub"]
[BlackTeam "Solrød Skakklub"]

1. d4 d5 2. Nf3 Nf6 3. Bf4 c6 4. e3 e6 5. Nbd2 Nbd7 6. h3 Be7 7. Bd3 O-O 8. O-O
c5 9. c3 a6 10. Ne5 cxd4 11. exd4 Nxe5 12. Bxe5 b5 13. a3 Bb7 14. Re1 Qb6 15.
Qe2 Rfe8 16. Rec1 Bf8 17. Bxf6 gxf6 18. f4 Bg7 19. Qh5 h6 20. Kh1 e5 21. fxe5
fxe5 22. Rf1 Qc7 23. dxe5 Rxe5 24. Qh4 Rae8 25. Rae1 Rxe1 26. Rxe1 Rxe1+ 27.
Qxe1 Qe5 28. Qxe5 Bxe5 29. Nf3 Bf6 30. Kg1 Kf8 31. Kf2 Ke7 32. Nd4 1/2-1/2

[Event "Koge Bugt Sommer 2014"]
[Site "Solrod Skole"]
[Date "2014.08.20"]
[Round "3.3"]
[White "Kristensen, Benny"]
[Black "Orup, Kim Amdi"]
[Result "1-0"]
[WhiteElo "1871"]
[BlackElo "1594"]
[PlyCount "103"]
[EventDate "2014.??.??"]
[WhiteTeam "Skovbo Skakklub"]
[BlackTeam "Solrød Skakklub"]

1. d4 f5 2. Nf3 d6 3. Bf4 Nf6 4. e3 g6 5. Nbd2 Bg7 6. Bc4 Nc6 7. Ng5 d5 8. Bd3
O-O 9. c3 a6 10. h4 Nh5 11. Be2 Nxf4 12. exf4 Qd6 13. g3 h5 14. Ndf3 Bd7 15.
O-O e6 16. Re1 Rae8 17. Bd3 Bf6 18. Qd2 Nd8 19. Re3 Nf7 20. Nh3 Nh6 21. Ne5 Kg7
22. f3 Bc8 23. Rae1 Qd8 24. R3e2 Re7 25. Bc2 c6 26. Ng5 Bxg5 27. fxg5 Ng8 28.
Nd3 Qc7 29. Nf4 Rfe8 30. Kg2 b6 31. Re5 Qd6 32. Qe2 b5 33. b4 Bd7 34. Kf2 Kf7
35. Ke3 Qc7 36. Kd2 a5 37. g4 axb4 38. cxb4 Ra8 39. Bb3 Qb6 40. Qd3 Qa7 41.
gxh5 gxh5 42. Nxh5 Qa3 43. Qc3 Ke8 44. Nf4 Rg7 45. Nxe6 Bxe6 46. Rxe6+ Re7 47.
Qxc6+ Kf7 48. Rxe7+ Nxe7 49. Qe6+ Kf8 50. Qxe7+ Kg8 51. Bxd5+ Kh8 52. Qf6+ 1-0

[Event "Koge Bugt Sommer 2014"]
[Site "Solrod Skole"]
[Date "2014.08.20"]
[Round "3.4"]
[White "Marcussen, Leif"]
[Black "Henriksen, Karl Hildebrandt"]
[Result "1/2-1/2"]
[WhiteElo "1745"]
[BlackElo "1475"]
[PlyCount "66"]
[EventDate "2014.??.??"]
[WhiteTeam "Brøndby Skakklub"]
[BlackTeam "Køge Skakklub"]

1. e4 e6 2. d4 d5 3. Nc3 dxe4 4. Nxe4 c6 5. Nf3 h6 6. Be2 Nf6 7. Ng3 Be7 8. O-O
O-O 9. c4 b6 10. Rb1 Bb7 11. Qc2 Qc7 12. b4 Nbd7 13. Qb3 a6 14. Bb2 b5 15. Rfc1
Qb8 16. Bc3 Nb6 17. Nd2 bxc4 18. Nxc4 Nxc4 19. Bxc4 Nd5 20. Bxd5 cxd5 21. b5
axb5 22. Qxb5 Ba6 23. Qa4 Qa7 24. Qd1 Bc4 25. Qg4 Bg5 26. f4 Bf6 27. Rd1 Qxa2
28. Nh5 Kh8 29. Nxf6 gxf6 30. Qh4 Kg7 31. Qg4+ Kh7 32. Rb7 Qe2 33. Qxe2 Bxe2
1/2-1/2